000 00593cam a2200217 4500
001 B2293
008 090401t1988 xxu||||| |||| 00| 0 eng d
035 _a(Sirsi) u49140
041 _aeng
050 _a624.176
100 _aCooke, G. M. E.
245 _aThermal bowing in fire and how it affects building design
260 _aGarston, Watford
_bBuilding Research Establishment
_c1988
300 _a(4)p. : ill. ; 30cm.
350 _a0
490 _aBRE Information Paper
_v21/88
650 _aFIRE RESEARCH STATION
700 _aMorgan, P.B.E.
942 _n0
948 _c04/03/1997
999 _c92496
_d92496